[Event "Klaipeda Rumiancev Memorial-A"]
[Site "Klaipeda"]
[Date "2021.07.20"]
[Round "2"]
[White "Sibajeva, Marija"]
[Black "Vaiciunas, Giedrius"]
[Result "1-0"]
[WhiteElo "1933"]
[BlackElo "1475"]
[PlyCount "109"]
[EventDate "2021.07.19"]
[EventType "swiss"]
[EventRounds "7"]
[EventCountry "LTU"]
[SourceTitle "EXT 2022"]
[Source "ChessBase"]
[SourceDate "2021.10.06"]
[SourceVersion "1"]
[SourceVersionDate "2021.10.06"]
[SourceQuality "1"]

1. e4 e6 2. d4 d5 3. Nd2 Nf6 4. e5 Nfd7 5. Bd3 c5 6. c3 Nc6 7. Ndf3 Qb6 8. Ne2 cxd4 9. cxd4 Bb4+ 10. Bd2 Bxd2+ 11. Qxd2 Qb4 12. a3 Qxd2+ 13. Nxd2 Ke7 14. Rc1 a6 15. 0-0 f5 16. exf6+ gxf6 17. f4 f5 18. Nb3 Nf6 19. Nc5 Ne4 20. Nxa6 Bd7 21. Nc5 b6 22. Nxd7 Kxd7 23. Bb5 Rhc8 24. Rc2 Kd6 25. Rfc1 Ne7 26. Nc3 Nxc3 27. Rxc3 Rxc3 28. Rxc3 Rc8 29. Rxc8 Nxc8 30. Kf2 Na7 31. Bd3 Nc6 32. Ke3 h6 33. b4 Ke7 34. Be2 Kf6 35. Kd3 Ke7 36. Kc3 Kd6 37. a4 Kc7 38. h3 Ne7 39. Bh5 Kd7 40. g4 fxg4 41. hxg4 Nc8 42. g5 hxg5 43. fxg5 Nd6 44. Bg6 Nc4 45. Bd3 Nd6 46. g6 Ke7 47. a5 bxa5 48. bxa5 Nc8 49. Kb4 Kf6 50. Kc5 Kg7 51. a6 Kf6 52. Kc6 e5 53. dxe5+ Kxe5 54. Kc7 Na7 55. g7 1-0

[Event "Riga op"]
[Site "Riga"]
[Date "2020.08.29"]
[Round "8"]
[White "Krivonosov, Oleg"]
[Black "Sibajeva, Marija"]
[Result "1-0"]
[WhiteElo "2381"]
[BlackElo "1973"]
[PlyCount "133"]
[EventDate "2020.08.24"]
[EventType "swiss"]
[EventRounds "9"]
[EventCountry "LAT"]
[SourceTitle "CBM 198 Extra"]
[Source "ChessBase"]
[SourceDate "2020.11.30"]
[SourceVersion "1"]
[SourceVersionDate "2020.11.30"]
[SourceQuality "1"]

1. Nf3 d5 2. d4 Nf6 3. c4 dxc4 4. e3 a6 5. Bxc4 e6 6. 0-0 c5 7. dxc5 Qxd1 8. Rxd1 Bxc5 9. Nbd2 0-0 10. b3 b6 11. Bb2 Bb7 12. Be2 Nc6 13. Rac1 Rfd8 14. a3 Rac8 15. b4 Be7 16. Nb3 Rxd1+ 17. Rxd1 Rd8 18. Rc1 Nd5 19. Nfd4 Nxd4 20. Bxd4 Bf6 21. Bxf6 gxf6 22. Bf3 Rd7 23. Kf1 Ne7 24. Bxb7 Rxb7 25. Ke2 Rd7 26. Rc4 e5 27. f4 Kg7 28. Nd2 Nd5 29. f5 Ne7 30. g4 h5 31. h3 hxg4 32. hxg4 Rd8 33. Ne4 Rd7 34. Rc1 Rd8 35. Rc7 Ng8 36. Rc6 Rb8 37. Kf3 Rb7 38. Nd6 Rb8 39. Rc7 Nh6 40. Rc8 Rxc8 41. Nxc8 b5 42. Ne7 Kf8 43. Nd5 Ng8 44. Nc7 Ke7 45. Nxa6 Kd6 46. e4 Ne7 47. Nc5 Nc6 48. Nb3 Ne7 49. Nd2 Nc6 50. Ke3 Nd4 51. Kd3 Ke7 52. Nb1 Kf8 53. Nc3 Kg7 54. a4 bxa4 55. Nxa4 Kh6 56. Nc3 Kg5 57. b5 Kxg4 58. b6 Nc6 59. b7 Nb8 60. Kc4 Kf3 61. Kd5 Ke3 62. Nb5 Na6 63. Nd6 Nb4+ 64. Kc5 Na6+ 65. Kb6 Nb8 66. Kc7 Na6+ 67. Kc8 1-0

[Event "Riga op"]
[Site "Riga"]
[Date "2020.08.29"]
[Round "7"]
[White "Sibajeva, Marija"]
[Black "Raag, Ardi"]
[Result "1-0"]
[WhiteElo "1973"]
[BlackElo "1724"]
[PlyCount "47"]
[EventDate "2020.08.24"]
[EventType "swiss"]
[EventRounds "9"]
[EventCountry "LAT"]
[SourceTitle "CBM 198 Extra"]
[Source "ChessBase"]
[SourceDate "2020.11.30"]
[SourceVersion "1"]
[SourceVersionDate "2020.11.30"]
[SourceQuality "1"]

1. d4 d5 2. Nf3 Nf6 3. Bg5 c5 4. c3 Ne4 5. Bh4 Qb6 6. Qc1 cxd4 7. cxd4 Nc6 8. e3 Bf5 9. Nc3 e6 10. Be2 Bb4 11. 0-0 0-0 12. Nxe4 Bxe4 13. a3 Bd6 14. b4 Rac8 15. Qd2 a5 16. b5 Na7 17. Ra2 Rc7 18. Rfa1 Rfc8 19. Ne1 a4 20. Bg3 Bxg3 21. hxg3 Rc3 22. Rb2 Qa5 23. b6 Nc6 24. Rb5 1-0

[Event "Plunge op 40th"]
[Site "Plateliai"]
[Date "2020.07.18"]
[Round "8"]
[White "Sibajeva, Marija"]
[Black "Bagdanskis, Dangis"]
[Result "1-0"]
[WhiteElo "2002"]
[BlackElo "1916"]
[PlyCount "93"]
[EventDate "2020.07.13"]
[EventType "swiss"]
[EventRounds "9"]
[EventCountry "LTU"]
[SourceTitle "CBM 197 Extra"]
[Source "ChessBase"]
[SourceDate "2020.09.30"]
[SourceVersion "1"]
[SourceVersionDate "2020.09.30"]
[SourceQuality "1"]

1. d4 d5 2. Nf3 Nf6 3. Bg5 Bf5 4. Nbd2 Nbd7 5. e3 e6 6. Be2 Bd6 7. Nh4 Bg6 8. Nxg6 hxg6 9. f4 c6 10. c3 Qb6 11. Bxf6 gxf6 12. Qb3 g5 13. g3 gxf4 14. exf4 e5 15. Qxb6 axb6 16. fxe5 fxe5 17. dxe5 Nxe5 18. 0-0 0-0-0 19. Nb3 Rh6 20. Nd4 Rdh8 21. Rf2 Nd7 22. Nf5 Bc5 23. Nxh6 Bxf2+ 24. Kxf2 Rxh6 25. Kg2 Nc5 26. Rf1 f6 27. Bg4+ Kc7 28. Bf5 b5 29. Re1 Rh8 30. Re2 Ra8 31. b3 Ne4 32. Bxe4 dxe4 33. Rd2 f5 34. Kf2 c5 35. Ke3 c4 36. Kf4 Rf8 37. h4 Kc6 38. h5 Rh8 39. Rh2 Kd5 40. h6 cxb3 41. axb3 b4 42. cxb4 Kd4 43. h7 e3 44. Kxf5 Kd3 45. Kg6 Ra8 46. h8Q e2 47. Qe5 1-0